Chèo Hải Phòng trong đời sống văn hóa hiện nay /

Na minha lista:
Detalhes bibliográficos
Autor principal: Trần Thị Hoàng Mai.
Formato: Atigo
Idioma:Vietnamese
Assuntos:
Tags: Adicionar Tag
Sem tags, seja o primeiro a adicionar uma tag!
Thư viện lưu trữ: Thư viện Trường Đại học Đà Lạt
LEADER 00793nam a2200265 4500
001 DLU160176459
005 ##20160825
040 # # |a DLU  |b vie 
041 # # |a vie 
044 # # |a vn 
100 # # |a Trần Thị Hoàng Mai. 
245 # # |a Chèo Hải Phòng trong đời sống văn hóa hiện nay /  |c Trần Thị Hoàng Mai.. 
653 # # |a Chèo 
653 # # |a Nghệ thuật chèo 
653 # # |a Văn hóa nghệ thuật 
773 # # |t Tạp chí Văn hóa nghệ thuật  |g Số 362, tháng 8-2014, tr.82-84 
920 # # |a Phòng Tạp chí -- Trung tâm Thông tin - Thư viện Trường Đại học Đà Lạt 
994 # # |a DLU 
900 # # |a True 
911 # # |a Trần Thị Minh Hương 
925 # # |a G 
926 # # |a A 
927 # # |a BB 
980 # # |a Thư viện Trường Đại học Đà Lạt